Echelle de mots : de Deux à Trois - Statistiques

Statistiques générales
  • Ce quiz a été pris 640 fois
  • Le résultat moyen est 19 sur 25
Statistiques - réponses
Indice Réponse % Correct
Forme une paire Deux
99%
Agréable au toucher Doux
97%
Se baladent de tête en tête Poux
88%
Pas mauvais Bon
84%
Complètement dérangé (Enlevez une lettre) Fou
84%
Tient la tête Cou
81%
Elle peut être grasse ou sèche Toux
79%
On casse pas autant de pattes à un canard (Rajoutez une lettre) Trois
79%
Pratique pour cuisiner Four
77%
Règnent sur des monarchies Rois
77%
Pièce de l'échiquier Tour
77%
Vaisselle de petit déjeuner Bol
76%
Ils sont douze tous les ans (Enlevez une lettre) Mois
76%
Qui ne descend pas (Rajoutez une lettre) Monte
75%
Peut être petit, chiche ou cassés Pois
75%
Talent naturel Don
73%
Outil de soustraction Moins
72%
Autour de ce dernier Col
70%
Homme d'église Moine
70%
Chaussures hautes protectrice Botte
67%
Le plus connu en France est Blanc Mont
67%
Morceau de terre Motte
64%
Rangement fermé Boite
60%
Inclus quelque chose ou quelqu'un (Rajoutez une lettre) Dont
60%
Couvert de sueur Moite
60%
Aucun quiz correspondant
Distribution des résultats
% des personnes avec chaque résultat
Percentile par nombre de réponses
Votre historique - résultats
Vous n’avez pas pris ce quiz